Espanjan kaupunkeja - Äkkikuolema - Statistics

Yleistilastot
  • Tätä visaa on pelattu 2 015 kertaa
  • Keskiarvotulos 11 / 26
Answers on the Grid
Answers color-coded by a green-red scale on the quiz's grid according to % correct below.
Acapulco
Arrecife
Asyut
Badajoz
Benidorm
Bilbao
Bordeaux
Burgos
Caceres
Cadiz
Fraga
Funchal
Granada
Jakarta
Jerez de la Frontera
L'Hospitalet de Llobregat
Lima
Madrid
Magaluf
Malaga
Manila
Marbella
Montevideo
Moundou
Oviedo
Pamplona
Pavlodar
Porto
Rio de Janeiro
Rjazan
Sacramento
Salamanca
San Marino
San Sebastian
Santa Cruz de Tenerife
Santander
Santiago de Compostela
Sevilla
Sucre
Taoyuan
Torremolinos
Tripoli
Valletta
Vigo
Zaragoza
 
Vastaustilastot
Vastaus % Oikein
Madrid
81%
Malaga
75%
Marbella
71%
Bilbao
69%
Sevilla
69%
Santa Cruz de Tenerife
59%
Granada
56%
Torremolinos
50%
Cadiz
49%
Zaragoza
45%
Santiago de Compostela
44%
Pamplona
42%
Santander
42%
Benidorm
40%
San Sebastian
40%
Oviedo
37%
Salamanca
35%
Vigo
31%
Jerez de la Frontera
30%
Arrecife
29%
Burgos
26%
Badajoz
24%
Caceres
23%
Magaluf
23%
L'Hospitalet de Llobregat
22%
Fraga
13%
Ehtoja vastaavia visoja ei löytynyt
Tulosjakauma
Jokaisen tuloksen saaneiden osuus
Persentiili vastausten määrän mukaan
Tuloshistoriasi
Et ole pelannut tätä visaa